000 nam a22 a 4500
999 _c59330
_d59330
003 BLK
005 20220926165709.0
008 180408b bul|||||r ||||||| ||bul||
010 _aKNG00063421000
040 _aBLK
041 _aBUL
_cBUL
080 _aЯдрена, атомна, молекулярна физика. Вж и 621.039.5; 621.384.6
_b539.1
_x(075.8)
_z539.1(075.8)
100 1 _aСтригачев, Атанас Тошев
_eпърви автор
_9256796
139 _aСтригачев, Атанас Тошев
_bС 86
245 1 0 _aЯдрена физика
_bУчебник за студентите от СУ Климент Охридски
_cАтанас Т. Стригачев.
257 _aBGR
260 _aсофия
_bНаука и изкуство
_c1975
300 _a256 с.
_bс черт., табл., 1 отд. л. табл.
_c22 см
380 _a5
500 _aБиблиогр. с. 251-252
504 _a251-252
650 4 _aЯдрена физика
_9256953
852 _aЦб 76162
_bЦб
856 4 _qpdf
856 4 _qpdf
942 _cKNG
_n0
_s1
944 _aCR
_c13.06.2004
_kГеновева_Генчева
944 _aED
_c2022-09-26
_kир
999 _d59330